[Event "Baku Chess Olympiad | Open"]
[Site "chess24.com"]
[Date "2016.09.12"]
[Round "10"]
[White "Omar, Noaman"]
[Black "Repka, Christopher"]
[Result "1/2-1/2"]
[Board "2"]
[WhiteID "9300244"]
[WhiteElo "2377"]
[WhiteTitle "IM"]
[WhiteCountry "UAE"]
[WhiteFideId "9300244"]
[WhiteEloChange "3"]
[BlackID "14918781"]
[BlackElo "2486"]
[BlackTitle "IM"]
[BlackCountry "SVK"]
[BlackFideId "14918781"]
[BlackEloChange "-2"]

1. d4 {[%clk 1:30:56]} d6 {[%clk 1:30:54]} 2. c4 {[%clk 1:31:16]} Nf6 {[%clk
1:31:14]} 3. Nc3 {[%clk 1:31:34]} c6 {[%clk 1:31:32]} 4. e4 {[%clk 1:30:18]} g6
{[%clk 1:31:57]} 5. f3 {[%clk 1:30:10]} a6 {[%clk 1:31:09]} 6. a4 {[%clk
1:30:26]} a5 {[%clk 1:31:33]} 7. Be3 {[%clk 1:29:03]} Na6 {[%clk 1:31:57]} 8. Bd3
{[%clk 1:28:53]} Bg7 {[%clk 1:26:27]} 9. Rc1 {[%clk 1:28:03]} e5 {[%clk 1:26:19]}
10. Nge2 {[%clk 1:27:35]} Nd7 {[%clk 1:26:22]} 11. Qd2 {[%clk 1:23:17]} exd4
{[%clk 1:23:00]} 12. Nxd4 {[%clk 1:23:17]} O-O {[%clk 1:23:17]} 13. O-O {[%clk
1:23:27]} Ndc5 {[%clk 1:22:37]} 14. Bc2 {[%clk 1:20:51]} Nb4 {[%clk 1:21:34]} 15.
Rcd1 {[%clk 1:16:01]} Nxc2 {[%clk 1:17:44]} 16. Qxc2 {[%clk 1:06:55]} Qb6 {[%clk
1:16:16]} 17. Rb1 {[%clk 0:55:27]} Bd7 {[%clk 0:49:04]} 18. Rfd1 {[%clk 0:54:38]}
Rad8 {[%clk 0:47:12]} 19. Nce2 {[%clk 0:49:41]} f5 {[%clk 0:42:48]} 20. exf5
{[%clk 0:48:13]} Rde8 {[%clk 0:40:31]} 21. Bf2 {[%clk 0:48:23]} Rxf5 {[%clk
0:37:25]} 22. Nxf5 {[%clk 0:40:56]} Bxf5 {[%clk 0:37:49]} 23. Qd2 {[%clk
0:40:25]} Bxb1 {[%clk 0:37:38]} 24. Rxb1 {[%clk 0:38:16]} Qb3 {[%clk 0:27:38]}
25. Ng3 {[%clk 0:16:27]} Qxc4 {[%clk 0:21:54]} 26. Qxd6 {[%clk 0:15:43]} Nd3
{[%clk 0:14:34]} 27. Qd7 {[%clk 0:15:38]} Rf8 {[%clk 0:14:12]} 28. Be3 {[%clk
0:15:06]} Nxb2 {[%clk 0:12:20]} 29. Ne4 {[%clk 0:14:35]} b5 {[%clk 0:11:49]} 30.
axb5 {[%clk 0:14:18]} cxb5 {[%clk 0:10:58]} 31. Rc1 {[%clk 0:14:10]} Qb3 {[%clk
0:10:08]} 32. Bd4 {[%clk 0:11:56]} Qf7 {[%clk 0:08:42]} 33. Qxf7+ {[%clk
0:11:52]} Rxf7 {[%clk 0:09:07]} 34. Bxg7 {[%clk 0:11:28]} Kxg7 {[%clk 0:09:32]}
35. Rb1 {[%clk 0:10:41]} Nd3 {[%clk 0:08:45]} 36. Rxb5 {[%clk 0:09:50]} Rc7
{[%clk 0:09:13]} 37. h4 {[%clk 0:07:16]} Ra7 {[%clk 0:08:04]} 38. Rb3 {[%clk
0:07:04]} Ne5 {[%clk 0:08:32]} 39. Rb5 {[%clk 0:03:26]} Nd7 {[%clk 0:08:43]} 40.
Rb3 {[%clk 0:31:00]} a4 {[%clk 0:39:06]} 41. Ra3 {[%clk 0:31:18]} Nb6 {[%clk
0:39:21]} 42. Kf2 {[%clk 0:27:54]} Kf7 {[%clk 0:37:03]} 43. Ke2 {[%clk 0:18:35]}
Ke6 {[%clk 0:37:28]} 44. Kd3 {[%clk 0:18:31]} Rc7 {[%clk 0:36:01]} 45. Ra2 {[%clk
0:17:16]} Ke5 {[%clk 0:35:52]} 46. Rb2 {[%clk 0:15:17]} Rd7+ {[%clk 0:35:52]} 47.
Ke2 {[%clk 0:15:25]} Nd5 {[%clk 0:32:57]} 48. Rb5 {[%clk 0:15:22]} Ra7 {[%clk
0:31:27]} 49. Nc3 {[%clk 0:01:50]} Kd4 {[%clk 0:31:25]} 50. Nxd5 {[%clk 0:01:26]}
Kc4 {[%clk 0:31:54]} 51. Rb2 {[%clk 0:00:57]} Kxd5 {[%clk 0:29:01]} 52. Kd3
{[%clk 0:01:14]} Ke5 {[%clk 0:21:38]} 53. Rb5+ {[%clk 0:01:22]} Kf4 {[%clk
0:21:07]} 54. Kc2 {[%clk 0:01:10]} a3 {[%clk 0:13:37]} 55. Kb1 {[%clk 0:01:35]}
Re7 {[%clk 0:12:45]} 56. Rg5 {[%clk 0:00:41]} Ra7 {[%clk 0:07:04]} 57. Ka2 {[%clk
0:01:02]} Ra6 {[%clk 0:07:22]} 58. Rg4+ {[%clk 0:00:43]} Ke3 {[%clk 0:07:50]} 59.
Rg5 {[%clk 0:00:45]} h6 {[%clk 0:07:20]} 60. Rg4 {[%clk 0:01:01]} Kf2 {[%clk
0:07:39]} 61. f4 {[%clk 0:00:44]} Ke3 {[%clk 0:07:23]} 62. h5 {[%clk 0:00:43]}
gxh5 {[%clk 0:07:49]} 63. Rh4 {[%clk 0:00:59]} Ra5 {[%clk 0:05:24]} 64. g4 {[%clk
0:00:40]} hxg4 {[%clk 0:05:39]} 65. Rxg4 {[%clk 0:01:03]} Kf3 {[%clk 0:06:04]}
66. Rg6 {[%clk 0:01:08]} Rh5 {[%clk 0:05:55]} 67. f5 {[%clk 0:01:29]} Rh4 {[%clk
0:03:58]} 68. f6 {[%clk 0:01:41]} h5 {[%clk 0:04:17]} 69. Rg5 {[%clk 0:01:44]}
1/2-1/2

[Event "Baku Chess Olympiad | Open"]
[Site "chess24.com"]
[Date "2016.09.12"]
[Round "10"]
[White "Jurcik, Marian"]
[Black "Saeed, Ishaq"]
[Result "1-0"]
[Board "3"]
[WhiteID "14907518"]
[WhiteElo "2484"]
[WhiteTitle "IM"]
[WhiteCountry "SVK"]
[WhiteFideId "14907518"]
[WhiteEloChange "3"]
[BlackID "9301453"]
[BlackElo "2310"]
[BlackTitle "FM"]
[BlackCountry "UAE"]
[BlackFideId "9301453"]
[BlackEloChange "-5"]

1. e4 {[%clk 1:30:56]} e5 {[%clk 1:30:37]} 2. Nf3 {[%clk 1:31:19]} Nc6 {[%clk
1:30:54]} 3. Bc4 {[%clk 1:31:11]} Bc5 {[%clk 1:31:06]} 4. O-O {[%clk 1:30:35]}
Nf6 {[%clk 1:30:57]} 5. d3 {[%clk 1:30:47]} O-O {[%clk 1:30:53]} 6. c3 {[%clk
1:28:56]} d5 {[%clk 1:30:35]} 7. exd5 {[%clk 1:29:06]} Nxd5 {[%clk 1:30:53]} 8.
a4 {[%clk 1:28:57]} a6 {[%clk 1:30:42]} 9. a5 {[%clk 1:28:26]} h6 {[%clk
1:26:39]} 10. Re1 {[%clk 1:22:27]} Bg4 {[%clk 1:17:12]} 11. Nbd2 {[%clk 1:20:08]}
Nf6 {[%clk 1:03:36]} 12. Qb3 {[%clk 1:16:15]} Qd6 {[%clk 1:03:24]} 13. h3 {[%clk
1:02:18]} Bh5 {[%clk 1:03:02]} 14. Nh2 {[%clk 0:51:17]} Kh8 {[%clk 0:40:09]} 15.
Nhf1 {[%clk 0:50:17]} Rab8 {[%clk 0:09:25]} 16. Ne4 {[%clk 0:45:07]} Nxe4 {[%clk
0:09:34]} 17. dxe4 {[%clk 0:45:31]} f5 {[%clk 0:05:28]} 18. exf5 {[%clk 0:43:40]}
Rxf5 {[%clk 0:05:25]} 19. Be3 {[%clk 0:43:42]} Rbf8 {[%clk 0:05:27]} 20. Be2
{[%clk 0:27:11]} Bf7 {[%clk 0:05:12]} 21. Qd1 {[%clk 0:24:22]} Nd4 {[%clk
0:00:55]} 22. Ng3 {[%clk 0:20:29]} Nxe2+ {[%clk 0:00:34]} 23. Qxe2 {[%clk
0:20:15]} Bh5 {[%clk 0:00:33]} 24. Nxf5 {[%clk 0:20:00]} Rxf5 {[%clk 0:00:36]}
25. Bxc5 {[%clk 0:18:35]} Qxc5 {[%clk 0:00:36]} 26. Qe3 {[%clk 0:18:58]} Qb5
{[%clk 0:00:34]} 27. b4 {[%clk 0:19:04]} Bg6 {[%clk 0:00:35]} 28. Rad1 {[%clk
0:19:06]} Rg5 {[%clk 0:00:41]} 29. Qf3 {[%clk 0:15:39]} Kh7 {[%clk 0:00:35]} 30.
Qd5 {[%clk 0:15:11]} Qa4 {[%clk 0:00:34]} 31. Qxb7 {[%clk 0:13:34]} c6 {[%clk
0:00:35]} 32. Ra1 {[%clk 0:09:52]} Qc2 {[%clk 0:00:34]} 33. Qxc6 {[%clk 0:10:13]}
e4 {[%clk 0:00:48]} 34. Re3 {[%clk 0:09:20]} Rf5 {[%clk 0:00:34]} 35. Rf1 {[%clk
0:08:45]} Rxf2 {[%clk 0:00:48]} 36. Rxf2 {[%clk 0:09:07]} Qc1+ {[%clk 0:01:14]}
37. Kh2 {[%clk 0:08:35]} Qxe3 {[%clk 0:01:42]} 38. Rf8 {[%clk 0:08:31]} Qd2
{[%clk 0:00:33]} 39. Qe6 {[%clk 0:08:34]} h5 {[%clk 0:00:44]} 40. Qc8 {[%clk
0:31:12]} Qd6+ {[%clk 0:30:33]} 41. Kg1 {[%clk 0:31:32]} Qd1+ {[%clk 0:25:57]}
42. Rf1 {[%clk 0:31:47]} Qe2 {[%clk 0:19:06]} 43. Qc5 {[%clk 0:29:47]} e3 {[%clk
0:19:12]} 44. Qd4 {[%clk 0:30:05]} Kg8 {[%clk 0:18:00]} 45. Qd8+ {[%clk 0:25:37]}
Kh7 {[%clk 0:18:21]} 46. Rf8 {[%clk 0:25:34]} Bd3 {[%clk 0:13:05]} 47. Rh8+
{[%clk 0:25:22]} Kg6 {[%clk 0:13:26]} 48. Qd6+ {[%clk 0:23:48]} Kg5 {[%clk
0:12:28]} 49. Qg3+ {[%clk 0:24:06]} Kf5 {[%clk 0:12:00]} 50. Rf8+ {[%clk
0:24:24]} Ke6 {[%clk 0:12:14]} 51. Re8+ {[%clk 0:24:31]} Kd5 {[%clk 0:09:54]} 52.
Qxe3 {[%clk 0:22:28]} Qf1+ {[%clk 0:10:09]} 53. Kh2 {[%clk 0:22:49]} Kc4 {[%clk
0:10:28]} 54. Qd4+ {[%clk 0:22:08]} Kb3 {[%clk 0:10:49]} 55. Re3 {[%clk 0:21:31]}
Bc4 {[%clk 0:11:11]} 56. Rf3 {[%clk 0:21:05]} Qe1 {[%clk 0:11:07]} 57. Rf4 {[%clk
0:18:23]} Bf1 {[%clk 0:08:50]} 58. c4 {[%clk 0:16:56]} h4 {[%clk 0:07:10]} 59.
Rf3+ {[%clk 0:16:33]} Ka4 {[%clk 0:07:15]} 60. b5 {[%clk 0:15:04]} g5 {[%clk
0:04:35]} 61. bxa6 {[%clk 0:14:19]} g4 {[%clk 0:04:16]} 62. Qd7+ {[%clk 0:14:30]}
Kb4 {[%clk 0:03:56]} 63. Qb5# {[%clk 0:14:39]} 1-0

[Event "Baku Chess Olympiad | Open"]
[Site "chess24.com"]
[Date "2016.09.12"]
[Round "10"]
[White "AlHuwar, Jasem"]
[Black "Petrik, Tomas"]
[Result "0-1"]
[Board "4"]
[WhiteID "9300465"]
[WhiteElo "2291"]
[WhiteTitle "FM"]
[WhiteCountry "UAE"]
[WhiteFideId "9300465"]
[WhiteEloChange "-5"]
[BlackID "14901625"]
[BlackElo "2464"]
[BlackTitle "GM"]
[BlackCountry "SVK"]
[BlackFideId "14901625"]
[BlackEloChange "3"]

1. Nf3 {[%clk 1:30:42]} Nf6 {[%clk 1:30:43]} 2. g3 {[%clk 1:31:02]} d5 {[%clk
1:30:32]} 3. Bg2 {[%clk 1:31:24]} c6 {[%clk 1:30:42]} 4. O-O {[%clk 1:31:45]} Bg4
{[%clk 1:30:52]} 5. c4 {[%clk 1:32:08]} e6 {[%clk 1:29:59]} 6. d3 {[%clk
1:32:25]} Nbd7 {[%clk 1:29:40]} 7. cxd5 {[%clk 1:32:47]} exd5 {[%clk 1:28:55]} 8.
h3 {[%clk 1:32:30]} Bxf3 {[%clk 1:25:39]} 9. Bxf3 {[%clk 1:32:43]} Bc5 {[%clk
1:24:48]} 10. Nc3 {[%clk 1:32:11]} O-O {[%clk 1:24:39]} 11. Qc2 {[%clk 1:31:25]}
Qe7 {[%clk 1:16:28]} 12. Rd1 {[%clk 1:23:56]} Rfe8 {[%clk 1:11:13]} 13. e3 {[%clk
0:45:26]} d4 {[%clk 0:46:26]} 14. exd4 {[%clk 0:45:14]} Bxd4 {[%clk 0:46:47]} 15.
Ne2 {[%clk 0:45:24]} Bb6 {[%clk 0:45:24]} 16. d4 {[%clk 0:45:30]} Nf8 {[%clk
0:40:44]} 17. a4 {[%clk 0:36:44]} a5 {[%clk 0:30:03]} 18. Qb3 {[%clk 0:37:05]}
Ba7 {[%clk 0:28:59]} 19. Nf4 {[%clk 0:21:35]} Rad8 {[%clk 0:20:38]} 20. Be3
{[%clk 0:14:45]} Ng6 {[%clk 0:16:04]} 21. Nxg6 {[%clk 0:14:03]} hxg6 {[%clk
0:16:28]} 22. Qc4 {[%clk 0:08:53]} Qc7 {[%clk 0:06:07]} 23. Bf4 {[%clk 0:05:37]}
Qb6 {[%clk 0:06:00]} 24. Rab1 {[%clk 0:05:03]} Rxd4 {[%clk 0:03:12]} 25. Rxd4
{[%clk 0:05:22]} Qxd4 {[%clk 0:03:38]} 26. Qxd4 {[%clk 0:05:46]} Bxd4 {[%clk
0:04:04]} 27. b4 {[%clk 0:06:04]} b6 {[%clk 0:00:40]} 28. bxa5 {[%clk 0:04:02]}
bxa5 {[%clk 0:01:08]} 29. Bxc6 {[%clk 0:02:40]} Re2 {[%clk 0:01:36]} 30. Rf1
{[%clk 0:03:04]} Rc2 {[%clk 0:00:48]} 31. Bf3 {[%clk 0:01:54]} Nd7 {[%clk
0:00:54]} 32. Be3 {[%clk 0:00:51]} Bxe3 {[%clk 0:00:33]} 33. fxe3 {[%clk
0:01:20]} Ne5 {[%clk 0:00:38]} 34. Bd5 {[%clk 0:01:04]} Rd2 {[%clk 0:00:35]} 35.
Ba8 {[%clk 0:00:55]} Re2 {[%clk 0:00:35]} 36. Rc1 {[%clk 0:00:43]} Rxe3 {[%clk
0:00:56]} 37. Rc5 {[%clk 0:00:40]} Rxg3+ {[%clk 0:01:12]} 38. Kh2 {[%clk
0:01:09]} Rg5 {[%clk 0:00:34]} 39. Kh1 {[%clk 0:00:38]} Rh5 {[%clk 0:00:35]} 40.
Bg2 {[%clk 0:30:40]} Nd3 {[%clk 0:30:35]} 41. Rc8+ {[%clk 0:26:31]} Kh7 {[%clk
0:28:02]} 42. Rc3 {[%clk 0:21:16]} Nc5 {[%clk 0:21:21]} 43. Bc6 {[%clk 0:20:12]}
Re5 {[%clk 0:21:21]} 44. Kg2 {[%clk 0:19:16]} g5 {[%clk 0:20:12]} 45. Kf3 {[%clk
0:17:28]} Kg6 {[%clk 0:18:58]} 46. Rc4 {[%clk 0:10:56]} f5 {[%clk 0:07:49]} 47.
Rc3 {[%clk 0:10:36]} Kh5 {[%clk 0:06:59]} 48. Rc4 {[%clk 0:08:59]} f4 {[%clk
0:05:57]} 49. Rc3 {[%clk 0:08:42]} Kh4 {[%clk 0:05:03]} 50. Rc1 {[%clk 0:06:14]}
Nd3 {[%clk 0:02:49]} 51. Rd1 {[%clk 0:05:42]} Re3+ {[%clk 0:03:08]} 52. Kg2
{[%clk 0:06:03]} Rg3+ {[%clk 0:03:03]} 53. Kf1 {[%clk 0:04:50]} Rxh3 {[%clk
0:03:16]} 54. Be4 {[%clk 0:04:37]} Nc5 {[%clk 0:02:45]} 55. Bg2 {[%clk 0:04:28]}
Rc3 {[%clk 0:02:22]} 56. Bc6 {[%clk 0:03:42]} Kg3 {[%clk 0:01:48]} 57. Kg1 {[%clk
0:03:39]} g4 {[%clk 0:01:43]} 58. Bb5 {[%clk 0:03:28]} f3 {[%clk 0:02:00]} 59.
Bf1 {[%clk 0:03:42]} Ne4 {[%clk 0:01:39]} 60. Rd4 {[%clk 0:03:44]} Rc1 {[%clk
0:01:33]} 0-1

[Event "Baku Chess Olympiad | Open"]
[Site "chess24.com"]
[Date "2016.09.12"]
[Round "10"]
[White "Villegas, Pierre"]
[Black "Mollah Abdullah, Al Rakib"]
[Result "*"]
[Board "2"]
[WhiteID "654183"]
[WhiteElo "2329"]
[WhiteTitle "FM"]
[WhiteCountry "MNC"]
[WhiteFideId "654183"]
[BlackID "10200444"]
[BlackElo "2488"]
[BlackTitle "GM"]
[BlackCountry "BAN"]
[BlackFideId "10200444"]

1. d4 {[%clk 1:30:52]} Nf6 {[%clk 1:30:29]} 2. c4 {[%clk 1:31:14]} e6 {[%clk
1:30:47]} 3. Nc3 {[%clk 1:31:37]} Bb4 {[%clk 1:31:11]} 4. Qc2 {[%clk 1:31:52]} d6
{[%clk 1:30:23]} 5. Bg5 {[%clk 1:31:38]} Nbd7 {[%clk 1:29:02]} 6. e3 {[%clk
1:30:47]} h6 {[%clk 1:26:10]} 7. Bh4 {[%clk 1:30:51]} b6 {[%clk 1:26:06]} 8. Ne2
{[%clk 1:17:11]} Bb7 {[%clk 1:08:43]} 9. a3 {[%clk 1:15:59]} Bxc3+ {[%clk
1:09:07]} 10. Nxc3 {[%clk 1:16:24]} g5 {[%clk 1:09:30]} 11. Bg3 {[%clk 1:16:42]}
Nh5 {[%clk 1:09:52]} 12. O-O-O {[%clk 1:04:24]} Qe7 {[%clk 1:07:20]} 13. d5
{[%clk 1:01:36]} Ndf6 {[%clk 0:49:30]} 14. Be2 {[%clk 0:54:32]} a6 {[%clk
0:43:26]} 15. Kb1 {[%clk 0:49:29]} O-O-O {[%clk 0:40:28]} 16. Bf3 {[%clk
0:42:36]} Kb8 {[%clk 0:37:51]} 17. Qe2 {[%clk 0:36:01]} Ng7 {[%clk 0:28:34]} 18.
dxe6 {[%clk 0:27:39]} fxe6 {[%clk 0:26:31]} 19. Bxb7 {[%clk 0:27:07]} Kxb7 {[%clk
0:26:58]} 20. f3 {[%clk 0:25:15]} Nd7 {[%clk 0:23:20]} 21. e4 {[%clk 0:24:08]}
Nh5 {[%clk 0:23:34]} 22. Bf2 {[%clk 0:17:59]} Nf4 {[%clk 0:23:32]} 23. Qf1 {[%clk
0:18:08]} Rhf8 {[%clk 0:20:15]} 24. Rd2 {[%clk 0:15:00]} Ne5 {[%clk 0:20:04]} 25.
Bd4 {[%clk 0:13:52]} Nc6 {[%clk 0:20:21]} 26. Be3 {[%clk 0:13:07]} Ng6 {[%clk
0:17:56]} 27. Rf2 {[%clk 0:10:56]} Na5 {[%clk 0:17:35]} 28. b4 {[%clk 0:09:37]}
Nc6 {[%clk 0:18:03]} 29. Ka2 {[%clk 0:09:07]} Nce5 {[%clk 0:16:34]} 30. Kb3
{[%clk 0:08:30]} Qf7 {[%clk 0:16:02]} 31. Qe2 {[%clk 0:06:55]} d5 {[%clk
0:09:36]} 32. cxd5 {[%clk 0:06:43]} exd5 {[%clk 0:10:03]} 33. exd5 {[%clk
0:06:22]} Rxd5 {[%clk 0:09:58]} 34. Kc2 {[%clk 0:05:54]} Qf5+ {[%clk 0:06:08]}
35. Kb3 {[%clk 0:04:12]} Rd3 {[%clk 0:06:11]} 36. Bc1 {[%clk 0:03:29]} Nc6 {[%clk
0:02:53]} 37. Kb2 {[%clk 0:02:59]} Rfd8 {[%clk 0:01:32]} *

[Event "Baku Chess Olympiad | Open"]
[Site "chess24.com"]
[Date "2016.09.12"]
[Round "10"]
[White "Rahman, Ziaur"]
[Black "Efimov, Igor"]
[Result "1/2-1/2"]
[Board "3"]
[WhiteID "10200037"]
[WhiteElo "2512"]
[WhiteTitle "GM"]
[WhiteCountry "BAN"]
[WhiteFideId "10200037"]
[WhiteEloChange "-2"]
[BlackID "806404"]
[BlackElo "2374"]
[BlackTitle "GM"]
[BlackCountry "MNC"]
[BlackFideId "806404"]
[BlackEloChange "4"]

1. e4 {[%clk 1:30:21]} c5 {[%clk 1:30:02]} 2. Nf3 {[%clk 1:30:43]} Nc6 {[%clk
1:30:19]} 3. Bb5 {[%clk 1:30:59]} Qc7 {[%clk 1:24:03]} 4. O-O {[%clk 1:30:04]} e6
{[%clk 1:13:09]} 5. Re1 {[%clk 1:28:16]} Nge7 {[%clk 1:10:49]} 6. c3 {[%clk
1:27:27]} a6 {[%clk 1:03:45]} 7. Bf1 {[%clk 1:26:42]} d5 {[%clk 1:03:59]} 8. d3
{[%clk 1:26:36]} b6 {[%clk 0:58:51]} 9. Na3 {[%clk 1:23:54]} h6 {[%clk 0:52:48]}
10. Be3 {[%clk 1:06:15]} Bb7 {[%clk 0:45:50]} 11. Qc2 {[%clk 1:04:24]} dxe4
{[%clk 0:44:52]} 12. dxe4 {[%clk 1:04:42]} Ng6 {[%clk 0:45:17]} 13. Nc4 {[%clk
0:58:09]} Be7 {[%clk 0:45:08]} 14. a4 {[%clk 0:57:59]} O-O {[%clk 0:45:30]} 15.
Qb3 {[%clk 0:56:54]} Bd8 {[%clk 0:43:39]} 16. Rad1 {[%clk 0:54:58]} Nge5 {[%clk
0:37:59]} 17. Nfxe5 {[%clk 0:44:18]} Nxe5 {[%clk 0:38:20]} 18. Nd6 {[%clk
0:34:05]} Be7 {[%clk 0:33:07]} 19. Nxb7 {[%clk 0:33:57]} Ng4 {[%clk 0:33:25]} 20.
e5 {[%clk 0:31:22]} Nxe3 {[%clk 0:33:24]} 21. Rxe3 {[%clk 0:31:47]} Qxb7 {[%clk
0:33:49]} 22. Qc4 {[%clk 0:31:48]} Rfd8 {[%clk 0:21:44]} 23. Red3 {[%clk
0:31:30]} Rxd3 {[%clk 0:21:54]} 24. Qxd3 {[%clk 0:28:19]} b5 {[%clk 0:12:24]} 25.
axb5 {[%clk 0:28:18]} axb5 {[%clk 0:12:52]} 26. Qxb5 {[%clk 0:28:06]} Qxb5 {[%clk
0:13:21]} 27. Bxb5 {[%clk 0:28:28]} Rb8 {[%clk 0:13:50]} 28. c4 {[%clk 0:28:33]}
Rd8 {[%clk 0:14:18]} 29. Ra1 {[%clk 0:27:18]} g5 {[%clk 0:11:24]} 30. g3 {[%clk
0:27:31]} Rd2 {[%clk 0:09:54]} 31. Ra7 {[%clk 0:27:03]} Kf8 {[%clk 0:10:16]} 32.
Ra8+ {[%clk 0:19:39]} Kg7 {[%clk 0:10:29]} 33. Re8 {[%clk 0:17:28]} Bf8 {[%clk
0:10:58]} 34. Rb8 {[%clk 0:15:24]} Rxb2 {[%clk 0:06:56]} 35. Rb7 {[%clk 0:15:25]}
Re2 {[%clk 0:06:33]} 36. Be8 {[%clk 0:15:31]} Rxe5 {[%clk 0:07:01]} 37. Rxf7+
{[%clk 0:15:05]} Kg8 {[%clk 0:07:30]} 38. Rc7 {[%clk 0:13:25]} Re4 {[%clk
0:05:21]} 39. Bb5 {[%clk 0:10:04]} Rd4 {[%clk 0:05:16]} 40. Kg2 {[%clk 0:40:07]}
h5 {[%clk 0:34:38]} 41. Be8 {[%clk 0:39:49]} Bd6 {[%clk 0:25:39]} 42. Ra7 {[%clk
0:37:16]} Rxc4 {[%clk 0:25:55]} 43. Bxh5 {[%clk 0:36:39]} Re4 {[%clk 0:25:46]}
44. Rd7 {[%clk 0:36:43]} Bf8 {[%clk 0:24:35]} 45. Bf7+ {[%clk 0:35:45]} Kh8
{[%clk 0:25:02]} 46. Kf3 {[%clk 0:35:30]} Rd4 {[%clk 0:24:30]} 47. Rxd4 {[%clk
0:33:47]} cxd4 {[%clk 0:24:59]} 48. Ke4 {[%clk 0:34:05]} Bc5 {[%clk 0:23:33]} 49.
f3 {[%clk 0:34:18]} e5 {[%clk 0:23:52]} 50. Bc4 {[%clk 0:34:35]} d3 {[%clk
0:21:54]} 51. Kxd3 {[%clk 0:24:03]} Bg1 {[%clk 0:22:12]} 1/2-1/2

[Event "Baku Chess Olympiad | Open"]
[Site "chess24.com"]
[Date "2016.09.12"]
[Round "10"]
[White "Butnorius, Algimantas"]
[Black "Mohammad Minhaz Uddin"]
[Result "0-1"]
[Board "4"]
[WhiteID "12800066"]
[WhiteElo "2348"]
[WhiteTitle "GM"]
[WhiteCountry "MNC"]
[WhiteFideId "12800066"]
[WhiteEloChange "-8"]
[BlackID "10201955"]
[BlackElo "2413"]
[BlackTitle "IM"]
[BlackCountry "BAN"]
[BlackFideId "10201955"]
[BlackEloChange "4"]

1. d4 {[%clk 1:30:30]} Nf6 {[%clk 1:30:30]} 2. Nf3 {[%clk 1:30:30]} e6 {[%clk
1:30:30]} 3. c4 {[%clk 1:30:30]} Bb4+ {[%clk 1:30:47]} 4. Bd2 {[%clk 1:30:51]}
Qe7 {[%clk 1:31:08]} 5. g3 {[%clk 1:31:11]} Nc6 {[%clk 1:30:57]} 6. Nc3 {[%clk
1:31:13]} O-O {[%clk 1:30:49]} 7. Bg2 {[%clk 1:30:56]} d6 {[%clk 1:30:38]} 8. O-O
{[%clk 1:29:14]} a5 {[%clk 1:29:15]} 9. Rc1 {[%clk 1:23:08]} Bxc3 {[%clk
1:29:19]} 10. Bxc3 {[%clk 1:23:29]} e5 {[%clk 1:29:26]} 11. d5 {[%clk 1:18:01]}
Nb8 {[%clk 1:29:38]} 12. Nd2 {[%clk 1:17:41]} Nbd7 {[%clk 1:29:17]} 13. Qc2
{[%clk 1:15:23]} Nc5 {[%clk 1:29:24]} 14. b3 {[%clk 1:15:02]} Bg4 {[%clk
1:29:26]} 15. Rce1 {[%clk 1:12:25]} Rfe8 {[%clk 1:24:14]} 16. a3 {[%clk 1:01:37]}
Bd7 {[%clk 1:20:19]} 17. e4 {[%clk 0:54:33]} b5 {[%clk 1:18:29]} 18. f4 {[%clk
0:52:26]} Reb8 {[%clk 1:13:57]} 19. fxe5 {[%clk 0:45:11]} dxe5 {[%clk 1:14:23]}
20. b4 {[%clk 0:45:33]} Na4 {[%clk 1:14:14]} 21. c5 {[%clk 0:31:58]} Nxc5 {[%clk
1:12:38]} 22. Nf3 {[%clk 0:28:43]} Ncxe4 {[%clk 1:01:40]} 23. Rxe4 {[%clk
0:28:55]} Nxe4 {[%clk 1:02:07]} 24. Qxe4 {[%clk 0:29:19]} f6 {[%clk 1:02:26]} 25.
Nd4 {[%clk 0:28:10]} Re8 {[%clk 0:58:55]} 26. Nf5 {[%clk 0:22:55]} Qf8 {[%clk
0:59:01]} 27. bxa5 {[%clk 0:15:58]} Bxf5 {[%clk 0:59:09]} 28. Qe3 {[%clk
0:11:49]} Qxa3 {[%clk 0:57:02]} 29. Qd2 {[%clk 0:07:44]} Qc5+ {[%clk 0:52:33]}
30. Kh1 {[%clk 0:08:08]} Bg6 {[%clk 0:52:44]} 31. Rc1 {[%clk 0:07:11]} e4 {[%clk
0:50:53]} 32. Bb4 {[%clk 0:05:58]} Qa7 {[%clk 0:48:05]} 33. h3 {[%clk 0:02:31]}
e3 {[%clk 0:46:03]} 34. Qa2 {[%clk 0:02:50]} Qd4 {[%clk 0:45:05]} 35. d6+ {[%clk
0:02:37]} Bf7 {[%clk 0:45:14]} 36. Qb1 {[%clk 0:02:43]} cxd6 {[%clk 0:42:05]} 37.
Rd1 {[%clk 0:02:14]} Qa7 {[%clk 0:42:32]} 38. Rxd6 {[%clk 0:01:22]} Rad8 {[%clk
0:42:02]} 39. Qd3 {[%clk 0:01:00]} Qe7 {[%clk 0:28:30]} 40. Rxd8 {[%clk 0:00:35]}
Qxd8 {[%clk 0:28:51]} 41. Qxd8 {[%clk 0:00:32]} Rxd8 {[%clk 0:29:14]} 0-1

[Event "Baku Chess Olympiad | Open"]
[Site "chess24.com"]
[Date "2016.09.12"]
[Round "10"]
[White "Nyback, Tomi"]
[Black "Ismael, Namir Mohammed Ismael"]
[Result "*"]
[Board "1"]
[WhiteID "503142"]
[WhiteElo "2580"]
[WhiteTitle "GM"]
[WhiteCountry "FIN"]
[WhiteFideId "503142"]
[BlackID "4800800"]
[BlackElo "2161"]
[BlackTitle "CM"]
[BlackCountry "IRQ"]
[BlackFideId "4800800"]

1. d4 {[%clk 1:30:56]} d5 {[%clk 1:30:52]} 2. c4 {[%clk 1:31:22]} Bf5 {[%clk
1:30:50]} 3. Nc3 {[%clk 1:27:42]} e6 {[%clk 1:30:52]} 4. Nf3 {[%clk 1:28:05]} Nf6
{[%clk 1:31:00]} 5. Bg5 {[%clk 1:09:35]} c6 {[%clk 1:30:11]} 6. Qb3 {[%clk
1:01:48]} Qb6 {[%clk 1:29:46]} 7. c5 {[%clk 0:58:59]} Qc7 {[%clk 1:29:34]} 8. g3
{[%clk 0:49:26]} Nbd7 {[%clk 1:26:19]} 9. Bf4 {[%clk 0:48:42]} Qc8 {[%clk
1:26:39]} 10. Bg2 {[%clk 0:49:05]} b6 {[%clk 1:25:04]} 11. cxb6 {[%clk 0:49:15]}
axb6 {[%clk 1:24:53]} 12. O-O {[%clk 0:49:16]} Be7 {[%clk 1:16:33]} 13. Nh4
{[%clk 0:45:28]} O-O {[%clk 1:15:32]} 14. Nxf5 {[%clk 0:42:10]} exf5 {[%clk
1:12:46]} 15. Rac1 {[%clk 0:42:34]} Qa6 {[%clk 1:08:58]} 16. a3 {[%clk 0:36:13]}
Rac8 {[%clk 1:00:03]} 17. f3 {[%clk 0:31:44]} b5 {[%clk 0:46:48]} 18. Bh3 {[%clk
0:31:45]} Qa7 {[%clk 0:41:50]} 19. Rcd1 {[%clk 0:31:53]} g6 {[%clk 0:42:03]} 20.
e4 {[%clk 0:26:30]} fxe4 {[%clk 0:30:44]} 21. fxe4 {[%clk 0:26:48]} dxe4 {[%clk
0:28:18]} 22. Bg5 {[%clk 0:23:35]} Nc5 {[%clk 0:02:59]} 23. dxc5 {[%clk 0:04:58]}
Qxc5+ {[%clk 0:03:23]} 24. Kg2 {[%clk 0:05:18]} Qxg5 {[%clk 0:03:46]} 25. Bxc8
{[%clk 0:05:41]} Rxc8 {[%clk 0:03:57]} 26. Nxe4 {[%clk 0:05:34]} Qe5 {[%clk
0:01:18]} 27. Nxf6+ {[%clk 0:05:43]} Bxf6 {[%clk 0:01:40]} 28. Qf3 {[%clk
0:06:03]} Kg7 {[%clk 0:01:31]} 29. b4 {[%clk 0:06:25]} Rc7 {[%clk 0:01:04]} 30.
Rc1 {[%clk 0:05:40]} Qe6 {[%clk 0:01:08]} 31. Rf2 {[%clk 0:05:38]} Bg5 {[%clk
0:00:51]} 32. Rc5 {[%clk 0:05:36]} Be7 {[%clk 0:00:54]} 33. Re2 {[%clk 0:05:35]}
Qd7 {[%clk 0:00:51]} 34. Rc3 {[%clk 0:05:25]} c5 {[%clk 0:00:38]} 35. Rf2 {[%clk
0:02:59]} Qe6 {[%clk 0:00:37]} 36. bxc5 {[%clk 0:03:09]} h5 {[%clk 0:00:35]} 37.
Re3 {[%clk 0:02:54]} Qf6 {[%clk 0:00:39]} *